| 000 | 01095cam a2200265 4500 | ||
|---|---|---|---|
| 001 | WS116451 | ||
| 008 | 020125n 000 0 eng u | ||
| 035 | _a(Sirsi) u116451 | ||
| 110 | _aFood and Agriculture Organization of the United Nations | ||
| 245 | _aFood and Agriculture Organisation | ||
| 520 | _aWeb site for this United National organisation set up to raise levels of nutrition and standards of living, to improve agricultural productivity and to better the condition of rural populations. Includes news, detailed statistics, links to its journal 'Agriculture 21' and pages on forestry, food and nutrition, sustainable development, biotechnology and organic farming. | ||
| 650 | _aUNITED NATIONS | ||
| 650 | _aORGANISATION | ||
| 650 | _aINTERNATIONAL | ||
| 650 | _aAGRICULTURE | ||
| 650 | _aSTATISTICS | ||
| 650 | _aFORESTRY | ||
| 650 | _aSUSTAINABLE DEVELOPMENT | ||
| 650 | _aFOOD | ||
| 650 | _aBIOTECHNOLOGY | ||
| 650 | _aORGANIC FARMING | ||
| 690 |
_aRural _96268 |
||
| 856 | 4 | 0 |
_uhttps://www.fao.org _zView the website free of charge at www.fao.org... |
| 942 | _n0 | ||
| 999 |
_c119988 _d119988 |
||